Rock/Metal Band in the Top 500 Spotify - Statistiques

Statistiques générales
  • Ce quiz a été pris 465 fois
  • Le résultat moyen est 10 sur 46
Statistiques - réponses
Rank Réponse From % Correct
187 Metallica Los Angeles, US
81%
99 The Beatles Liverpool, US
80%
93 ACDC Sydney, AUS
76%
124 Nirvana Seattle, US
68%
178 The Rolling Stones London, GB
65%
397 Pink Floyd London, GB
63%
41 Queen London, GB
57%
30 Linkin Park Agoura Hills, US
46%
449 Led Zeppelin London, GB
44%
95 Red Hot Chili Peppers Los Angeles, US
43%
358 U2 Dublin, IRL
42%
147 Guns N'Roses Los Angeles, US
40%
173 Oasis Manchester, GB
39%
260 Maneskin Rome, ITA
32%
249 System of a Down Glendale, US
27%
100 Green Day Berkeley, US
26%
485 Muse Teignmouth, GB
25%
325 Eagles Los Angeles, US
22%
308 Aerosmith Boston, US
21%
352 The Offspring Garden Grove, US
17%
390 Dire Straits London, GB
16%
151 Bon Jovi Sayreville, US
15%
361 Foo Fighters Seattle, US
13%
490 Evanescence Little Rock, US
10%
115 Fleetwood Mac London, GB
9%
319 blink-182 Poway, US
8%
496 The Strokes New York, US
7%
499 The White Stripes Detroit, US
7%
269 Nickelback Hanne, CAN
6%
195 The Killers Las Vegas, US
6%
160 Toto Los Angeles, US
6%
417 My Chemical Romance New Jersey, US
5%
285 Disturbed Chicago, US
4%
225 Journey San Francisco, US
4%
40 Artics Monkeys Sheffield, GB
3%
110 Creedence Clearwater Revival San Francisco, US
3%
255 Kings of Leon Nashville, US
2%
286 Paramore Franklin, US
2%
257 Fall Out Boys Chicago, US
1%
416 5 Seconds Of Summer Sydney, AUS
0%
454 Maná Guadalajara, MEX
0%
326 Surf Curse Reno, US
0%
210 The Goo Goo Dools Buffalo, US
0%
406 The Outfield London, GB
0%
208 The Script Dublin, IRL
0%
194 Train San Francisco, US
0%
Aucun quiz correspondant
Distribution des résultats
% des personnes avec chaque résultat
Percentile par nombre de réponses
Votre historique - résultats
Vous n’avez pas pris ce quiz